Geography Generator Puzzle #13 - Statistics

General Stats
  • This quiz has been taken 354 times
  • The average score is 8 of 22
Answer Stats
Hint Answer % Correct
required to visit some countries visa
86%
river that flows through Khartoum and Juba Nile
64%
Spain and Italy are its biggest producers olives
63%
dark, mined, rock coal
61%
can prefix chancellor, president, and roy vice
55%
the largest, coldest, sheet ever? ice
51%
Luang Prabang is its main tourist city Laos
46%
this country fronts two oceans USA
46%
8-letter location SLOVENIA
39%
US west coast university, home of the Bruins UCLA
35%
Mammoth, 640 km long, is the world's longest cave
31%
nautical armed forces navies
31%
small bay cove
29%
capital city Nicosia
27%
capital city Vienna
26%
canyon in Spanish cañon
25%
Bulgarian currency lev
24%
capital city Vilnius
20%
capital city Seoul
19%
capital city Suva
19%
diplomat based in foreign embassies consul
17%
8-letter location ASUNCIÓN
11%
No matching quizzes found
Score Distribution
Percent of People with Each Score
Percentile by Number Answered
Your Score History
You have not taken this quiz